| 000 | 00615nam a2200205Ia 4500 | ||
|---|---|---|---|
| 005 | 20250507130350.0 | ||
| 008 | 008 250505s9999 xx 000 0 eng d | ||
| 020 | _a1920525054335 | ||
| 037 | _aAnnuals, Advances | ||
| 040 |
_aEASL _beng _cEASL |
||
| 041 |
_aeng _2eng |
||
| 084 |
_aY12:1.42, P5 _qEASL |
||
| 100 | _aMclelland Mark | ||
| 245 | 0 | _aQueer Japan from the Pacific War to the Internet Age | |
| 260 |
_aUSA _bLanham Rowman & Littlefield Publishers _c2005 |
||
| 300 | _aviii,247p. | ||
| 490 | _aAsian voices | ||
| 942 |
_cTEXL _hY12:1.42, P5 |
||
| 999 |
_c1319259 _d1319259 |
||